Microeconomics explore & apply

Gespeichert in:
Bibliographische Detailangaben
1. Verfasser: Ayers, Ronald M.
Weitere Verfasser: Collinge, Robert A.
Format: Buch
Sprache:Englisch
Veröffentlicht: Upper Saddle River, N.J. Pearson/Prentice Hall 2004
Schriftenreihe:Prentice Hall series in economics
Schlagworte:
Tags: Tag hinzufügen
Keine Tags, Fügen Sie das erste Tag hinzu!

MARC

LEADER 00000nam$a2200000$$$4500
001 0005727
005 20240226124403.3
020 |a 0-13-016424-0 
041 0 |a eng 
044 |a US 
245 1 0 |a Microeconomics  |b explore & apply  |c Ronald M. Ayers, Robert A. Collinge 
264 1 |a Upper Saddle River, N.J.  |b Pearson/Prentice Hall  |c 2004 
300 |a 455 s. 
490 1 |a Prentice Hall series in economics 
830 0 |a Prentice Hall series in economics 
610 2 0 |a veda ekonomická 
610 2 0 |a ekonómia 
610 2 0 |a mikroekonomika 
610 2 0 |a trh 
100 1 |a Ayers, Ronald M. 
700 1 |a Collinge, Robert A.